User handbook for electrical stethoscope/ (Record no. 548730)
[ view plain ]
| 000 -LEADER | |
|---|---|
| fixed length control field | 00404nam a22001457a 4500 |
| 082 ## - DEWEY DECIMAL CLASSIFICATION NUMBER | |
| Classification number | 681.761 |
| Author Mark | USE |
| -- | L-11, P-95 |
| 100 ## - MAIN ENTRY--PERSONAL NAME | |
| Personal name | M.A.E.I.D |
| 9 (RLIN) | 45145 |
| 245 ## - TITLE STATEMENT | |
| Title | User handbook for electrical stethoscope/ |
| 250 ## - EDITION STATEMENT | |
| Edition statement | Provisional Ed. |
| 260 ## - PUBLICATION, DISTRIBUTION, ETC. | |
| Place of publication, distribution, etc. | Bromeley: |
| Name of publisher, distributor, etc. | M.A.E.I.D |
| Date of publication, distribution, etc. | c1963 |
| 300 ## - PHYSICAL DESCRIPTION | |
| Extent | iv, 19 p ,; |
| Other physical details | ill,: |
| Dimensions | 16cm |
| 526 ## - STUDY PROGRAM INFORMATION NOTE | |
| Program name | 0 |
| Interest level | 0 |
| Reading level | 0 |
| Title point value | 681_761000000000000_USE |
| 650 ## - SUBJECT ADDED ENTRY--TOPICAL TERM | |
| Topical term or geographic name entry element | MCE |
| 9 (RLIN) | 379 |
| 942 ## - ADDED ENTRY ELEMENTS (KOHA) | |
| Source of classification or shelving scheme | |
| Koha item type | Book |
| Withdrawn status | Lost status | Source of classification or shelving scheme | Damaged status | Not for loan | Permanent Location | Current Location | Date acquired | Total Checkouts | Full call number | Barcode | Date last seen | Price effective from | Koha item type |
|---|---|---|---|---|---|---|---|---|---|---|---|---|---|
| Military College of Engineering (MCE) | Military College of Engineering (MCE) | 09/04/2014 | 681.761 USE | MCE-3433 | 09/04/2014 | 09/04/2014 | Book |
